[Event "Novaya Ladoga"]
[Site "Novaya Ladoga"]
[Date "2009.07.13"]
[Round "9"]
[White "Mukhin, Georgy"]
[Black "Akulich, Maksim"]
[Result "1/2-1/2"]
[WhiteElo "2302"]
[BlackElo "2120"]
[PlyCount "41"]
[EventDate "2009.07.05"]
[EventType "tourn"]
[EventRounds "9"]
[EventCountry "RUS"]
[SourceTitle "EXT 2021"]
[Source "ChessBase"]
[SourceDate "2020.10.23"]
[SourceVersion "1"]
[SourceVersionDate "2020.10.23"]
[SourceQuality "1"]

1. e4 c5 2. Nf3 Nc6 3. d4 cxd4 4. Nxd4 Nf6 5. Nc3 e6 6. Ndb5 Bb4 7. a3 Bxc3+ 8. Nxc3 d5 9. exd5 Nxd5 10. Nxd5 Qxd5 11. Qxd5 exd5 12. Bd3 0-0 13. 0-0 Re8 14. Bf4 Bg4 15. f3 Bh5 16. Rfe1 Bg6 17. Bxg6 hxg6 18. Kf2 f6 19. Rxe8+ Rxe8 20. Re1 Rxe1 21. Kxe1 1/2-1/2

[Event "St Petersburg op"]
[Site "St Petersburg"]
[Date "2008.01.16"]
[Round "3"]
[White "Mukhin, Georgy"]
[Black "Korchagina, Victoria"]
[Result "1-0"]
[WhiteElo "2307"]
[BlackElo "2182"]
[PlyCount "107"]
[EventDate "2008.01.14"]
[EventType "swiss"]
[EventRounds "9"]
[EventCountry "RUS"]
[SourceTitle "EXT 2009"]
[Source "ChessBase"]
[SourceDate "2008.11.26"]
[SourceVersion "1"]
[SourceVersionDate "2008.11.26"]
[SourceQuality "1"]

1. e4 c5 2. Nf3 d6 3. d4 cxd4 4. Nxd4 Nf6 5. Nc3 a6 6. Bg5 e6 7. Qd3 Be7 8. 0-0-0 Nbd7 9. f4 Qc7 10. Be2 b5 11. Bf3 Bb7 12. Bxf6 Nxf6 13. e5 dxe5 14. Ndxb5 Qb6 15. fxe5 Rd8 16. Nd6+ Bxd6 17. exd6 Bxf3 18. gxf3 0-0 19. Qd4 Qa5 20. Rhg1 Qf5 21. Ne4 e5 22. Nxf6+ Qxf6 23. Qd5 Rb8 24. Kb1 g6 25. b3 Rfd8 26. Rge1 Rb6 27. d7 Rb5 28. Qd6 Kg7 29. Qc7 Qe7 30. Re3 Rc5 31. Qb6 Rb5 32. Qd6 Qxd6 33. Rxd6 Kf8 34. Rxa6 Rxd7 35. Rc6 Rd2 36. h4 h5 37. a4 Ra5 38. Kb2 Ke7 39. Ka3 Kd7 40. Rec3 Ra7 41. b4 Rd4 42. R6c4 Rxc4 43. Rxc4 f6 44. Re4 Kd6 45. a5 g5 46. hxg5 fxg5 47. Ka4 h4 48. b5 h3 49. b6 Rf7 50. a6 h2 51. Re1 Kc6 52. b7 Kc7 53. Rb1 Rf8 54. a7 1-0

[Event "Petrovskaya Ladya op"]
[Site "Peterhof"]
[Date "2008.01.03"]
[Round "1"]
[White "Mukhin, Georgy"]
[Black "Kopasov, Alexander"]
[Result "1-0"]
[WhiteElo "2307"]
[BlackElo "2065"]
[PlyCount "73"]
[EventDate "2008.01.03"]
[EventType "swiss"]
[EventRounds "9"]
[EventCountry "RUS"]
[SourceTitle "CBM 122 Extra"]
[Source "ChessBase"]
[SourceDate "2008.03.04"]
[SourceVersion "1"]
[SourceVersionDate "2008.03.04"]
[SourceQuality "1"]

1. d4 Nf6 2. c4 e6 3. g3 Bb4+ 4. Nd2 0-0 5. Bg2 d5 6. Qc2 c6 7. Ngf3 b6 8. 0-0 a5 9. e4 Ba6 10. b3 Ra7 11. a3 Bxd2 12. Nxd2 a4 13. Rd1 Rc7 14. b4 dxc4 15. Nxc4 Rd7 16. Bb2 Bxc4 17. Qxc4 e5 18. Bh3 Rd6 19. Re1 b5 20. Qc1 Rxd4 21. Bxd4 Qxd4 22. Qd1 Qb6 23. Qd6 Re8 24. Rac1 h5 25. Bf5 h4 26. Rc3 Nh5 27. Kg2 Nf6 28. Qd2 Rd8 29. Rd3 Re8 30. Qe3 Qc7 31. Red1 hxg3 32. hxg3 Na6 33. Rd6 Kf8 34. Rxf6 gxf6 35. Rd7 Qxd7 36. Bxd7 Rd8 37. Bxc6 1-0

[Event "St Petersburg White Nights op"]
[Site "St Petersburg"]
[Date "2007.07.03"]
[Round "9"]
[White "Mukhin, Georgy"]
[Black "Chernov, Yury"]
[Result "1-0"]
[WhiteElo "2325"]
[BlackElo "2254"]
[PlyCount "53"]
[EventDate "2007.06.25"]
[EventType "swiss"]
[EventRounds "9"]
[EventCountry "RUS"]
[SourceTitle "CBM 119 Extra"]
[Source "ChessBase"]
[SourceDate "2007.09.04"]
[SourceVersion "1"]
[SourceVersionDate "2007.09.04"]
[SourceQuality "1"]

1. d4 Nf6 2. c4 e6 3. g3 d5 4. Nf3 Be7 5. Bg2 0-0 6. 0-0 dxc4 7. Qc2 a6 8. Nbd2 b5 9. Ng5 c6 10. b3 h6 11. Ngf3 cxb3 12. Nxb3 Bb7 13. Ne5 Qb6 14. Rd1 Rc8 15. Nc5 Bxc5 16. dxc5 Qc7 17. Bb2 Nbd7 18. Nxd7 Nxd7 19. Rd6 Rd8 20. Rad1 Nf6 21. Bxf6 gxf6 22. Qd2 Rxd6 23. cxd6 Qd7 24. Qxh6 c5 25. Bxb7 Qxb7 26. Qxf6 Qd7 27. Qg5+ 1-0

[Event "St Petersburg White Nights op"]
[Site "St Petersburg"]
[Date "2007.06.30"]
[Round "6"]
[White "Utkin, Vladimir"]
[Black "Mukhin, Georgy"]
[Result "1/2-1/2"]
[WhiteElo "2040"]
[BlackElo "2325"]
[PlyCount "30"]
[EventDate "2007.06.25"]
[EventType "swiss"]
[EventRounds "9"]
[EventCountry "RUS"]
[SourceTitle "CBM 119 Extra"]
[Source "ChessBase"]
[SourceDate "2007.09.04"]
[SourceVersion "1"]
[SourceVersionDate "2007.09.04"]
[SourceQuality "1"]

1. Nf3 d5 2. g3 g6 3. Bg2 Bg7 4. d4 Nf6 5. 0-0 0-0 6. b3 c5 7. Bb2 Ne4 8. c4 dxc4 9. bxc4 Nc6 10. e3 Bg4 11. Nbd2 Nxd2 12. Qxd2 Bxf3 13. Bxf3 cxd4 14. exd4 Bxd4 15. Bxd4 Nxd4 1/2-1/2

[Event "St Petersburg White Nights op"]
[Site "St Petersburg"]
[Date "2007.06.28"]
[Round "4"]
[White "Tokareva, Tatiana"]
[Black "Mukhin, Georgy"]
[Result "0-1"]
[WhiteElo "1997"]
[BlackElo "2325"]
[PlyCount "84"]
[EventDate "2007.06.25"]
[EventType "swiss"]
[EventRounds "9"]
[EventCountry "RUS"]
[SourceTitle "CBM 119 Extra"]
[Source "ChessBase"]
[SourceDate "2007.09.04"]
[SourceVersion "1"]
[SourceVersionDate "2007.09.04"]
[SourceQuality "1"]

1. d4 Nf6 2. c4 e6 3. Nf3 b6 4. a3 Bb7 5. Nc3 d5 6. cxd5 Nxd5 7. e3 Be7 8. Bd3 0-0 9. 0-0 c5 10. Qe2 cxd4 11. Nxd4 Nxc3 12. bxc3 Nd7 13. Rd1 Nc5 14. Bc2 Qd5 15. f3 Qh5 16. e4 Rfd8 17. Bf4 Bg5 18. Bg3 Qh6 19. Bf2 Rac8 20. a4 Ba6 21. Nb5 g6 22. c4 Bf4 23. g3 Bb8 24. Bd4 Qg5 25. a5 Bxb5 26. cxb5 Rxd4 27. Rxd4 Be5 28. Rdd1 Bxa1 29. Rxa1 Qe5 30. Ra2 Qc3 31. axb6 axb6 32. Qd1 Qb4 33. Qf1 Rd8 34. Bb1 Qb3 35. Rc2 Na4 36. Kg2 Nc3 37. Rc1 Rd2+ 38. Kh3 Qb2 39. Qg1 h5 40. e5 Ne2 41. Rc8+ Kg7 42. Qh1 Qxe5 0-1

[Event "Petrovskaya Ladya A1"]
[Site "Peterhof"]
[Date "2006.08.19"]
[Round "10"]
[White "Mukhin, Georgy"]
[Black "Petrenko, Svetlana"]
[Result "0-1"]
[WhiteElo "2340"]
[BlackElo "2293"]
[PlyCount "84"]
[EventDate "2006.08.14"]
[EventType "tourn"]
[EventRounds "11"]
[EventCountry "RUS"]
[EventCategory "4"]
[SourceTitle "CBM 113 Extra"]
[Source "ChessBase"]
[SourceDate "2006.09.14"]
[SourceVersion "1"]
[SourceVersionDate "2006.09.14"]
[SourceQuality "1"]

1. d4 d5 2. c4 c6 3. cxd5 cxd5 4. Nc3 Nf6 5. Bf4 Bd7 6. e3 a6 7. Bd3 g6 8. Nf3 Nc6 9. 0-0 Bg7 10. Rc1 0-0 11. h3 Rc8 12. Ne5 Be6 13. Na4 Nxe5 14. Rxc8 Bxc8 15. Bxe5 Bd7 16. Nc5 Bc6 17. Qb3 Qc8 18. Bg3 Nd7 19. Rc1 Nxc5 20. Rxc5 Qd7 21. Qc3 Rc8 22. Qc1 e6 23. Rc2 Bf8 24. Be5 Be7 25. a3 f6 26. Bg3 Ra8 27. b4 Bd8 28. Rc5 Bb6 29. Rc3 Bd8 30. Qb1 Kg7 31. h4 Qe8 32. Qb2 e5 33. dxe5 fxe5 34. f4 Bb6 35. Kh2 d4 36. exd4 Bxd4 37. fxe5 Rd8 38. Qc1 Bxe5 39. Bc4 Rd4 40. Qg5 Bf6 41. Qc5 Qe4 42. Bf1 Rd2 0-1

[Event "Petrovskaya Ladya A1"]
[Site "Peterhof"]
[Date "2006.08.19"]
[Round "9"]
[White "Shimanov, Aleksandr"]
[Black "Mukhin, Georgy"]
[Result "1-0"]
[WhiteElo "2306"]
[BlackElo "2340"]
[PlyCount "43"]
[EventDate "2006.08.14"]
[EventType "tourn"]
[EventRounds "11"]
[EventCountry "RUS"]
[EventCategory "4"]
[SourceTitle "CBM 113 Extra"]
[Source "ChessBase"]
[SourceDate "2006.09.14"]
[SourceVersion "1"]
[SourceVersionDate "2006.09.14"]
[SourceQuality "1"]

1. e4 c5 2. Nf3 Nc6 3. d4 cxd4 4. Nxd4 Nf6 5. Nc3 d6 6. Bg5 Bd7 7. Qd2 Rc8 8. f4 Nxd4 9. Qxd4 Qa5 10. e5 dxe5 11. fxe5 e6 12. 0-0-0 Bc6 13. Bb5 Bxb5 14. exf6 Bc6 15. h4 g6 16. Rhe1 Bc5 17. Rxe6+ fxe6 18. f7+ Kxf7 19. Qf6+ Kg8 20. Qxe6+ Kg7 21. Bf6+ Kh6 22. Qe5 1-0

[Event "Petrovskaya Ladya A1"]
[Site "Peterhof"]
[Date "2006.08.16"]
[Round "4"]
[White "Karpov, Alexander"]
[Black "Mukhin, Georgy"]
[Result "1-0"]
[WhiteElo "2352"]
[BlackElo "2340"]
[PlyCount "71"]
[EventDate "2006.08.14"]
[EventType "tourn"]
[EventRounds "11"]
[EventCountry "RUS"]
[EventCategory "4"]
[SourceTitle "CBM 113 Extra"]
[Source "ChessBase"]
[SourceDate "2006.09.14"]
[SourceVersion "1"]
[SourceVersionDate "2006.09.14"]
[SourceQuality "1"]

1. e4 c5 2. c3 g6 3. d4 cxd4 4. cxd4 d5 5. e5 Nc6 6. Nc3 Bg7 7. h3 Nh6 8. Nf3 0-0 9. Bb5 f6 10. 0-0 Nf7 11. Re1 fxe5 12. Bxc6 bxc6 13. dxe5 e6 14. Na4 Qc7 15. Bf4 c5 16. Rc1 c4 17. b3 Rb8 18. Qd4 Qa5 19. Bd2 Qa6 20. Rc2 Nd6 21. Nc5 Qc6 22. b4 Nf5 23. Qa1 Qe8 24. Qc1 Bd7 25. a4 Bxa4 26. Ra2 Bb5 27. Rxa7 d4 28. g4 Qc6 29. Re4 Ng3 30. Nxd4 Qd5 31. fxg3 c3 32. Rxg7+ Kxg7 33. Bh6+ Kg8 34. Bxf8 Rxf8 35. Nxb5 Rf3 36. Nxc3 1-0

[Event "Petrovskaya Ladya A1"]
[Site "Peterhof"]
[Date "2006.08.14"]
[Round "1"]
[White "Mukhin, Georgy"]
[Black "Kosarev, Dmitry"]
[Result "1-0"]
[WhiteElo "2340"]
[BlackElo "2173"]
[PlyCount "101"]
[EventDate "2006.08.14"]
[EventType "tourn"]
[EventRounds "11"]
[EventCountry "RUS"]
[EventCategory "4"]
[SourceTitle "CBM 113 Extra"]
[Source "ChessBase"]
[SourceDate "2006.09.14"]
[SourceVersion "1"]
[SourceVersionDate "2006.09.14"]
[SourceQuality "1"]

1. d4 Nf6 2. Nf3 g6 3. g3 Bg7 4. Bg2 0-0 5. 0-0 c5 6. c4 Nc6 7. Nc3 d6 8. dxc5 dxc5 9. Be3 Be6 10. Bxc5 Qa5 11. Be3 Bxc4 12. Nd4 Nxd4 13. Qxd4 Ba6 14. Rfd1 Rfc8 15. h3 Rc4 16. Qd2 Qc7 17. Rac1 Rc8 18. Bf4 Qa5 19. Qe3 Qb4 20. Rc2 b6 21. Rcd2 h5 22. Kh2 Kh7 23. a3 Qc5 24. Qxc5 R4xc5 25. Bf3 Bh6 26. Bxh6 Kxh6 27. Rd4 Kg7 28. Ra4 Ra5 29. Rxa5 bxa5 30. g4 hxg4 31. hxg4 g5 32. Kg3 Rb8 33. Rd2 Bc4 34. e3 Rb3 35. Bc6 Be6 36. f3 Rb8 37. e4 Rc8 38. Ba4 Rc5 39. Kf2 Nh7 40. Rd8 Nf8 41. Ra8 Ng6 42. Rxa7 Ne5 43. Bb5 Bc4 44. Bxc4 Nxc4 45. b4 Rc8 46. bxa5 Nxa3 47. Nd5 e6 48. Nc7 Kf6 49. a6 Nc4 50. Nb5 Rc6 51. Rc7 1-0

[Event "St Petersburg White Nights op"]
[Site "St Petersburg"]
[Date "2006.06.30"]
[Round "8"]
[White "Egorov, Dmitry Petrovich"]
[Black "Mukhin, Georgy"]
[Result "1-0"]
[WhiteElo "2215"]
[BlackElo "2340"]
[PlyCount "73"]
[EventDate "2006.06.23"]
[EventType "swiss"]
[EventRounds "9"]
[EventCountry "RUS"]
[SourceTitle "CBM 112 Extra"]
[Source "ChessBase"]
[SourceDate "2006.07.14"]
[SourceVersion "1"]
[SourceVersionDate "2006.07.14"]
[SourceQuality "1"]

1. e4 e6 2. d4 d5 3. e5 c5 4. c3 Nc6 5. Nf3 Bd7 6. a3 Qc7 7. Bd3 0-0-0 8. 0-0 c4 9. Bc2 f6 10. Re1 fxe5 11. dxe5 Nh6 12. Bg5 Re8 13. Nbd2 Nf7 14. Bf4 Be7 15. Bg3 g5 16. b3 cxb3 17. Bxb3 h5 18. c4 d4 19. h4 gxh4 20. Nxh4 Reg8 21. Ndf3 Rg4 22. c5 Nh6 23. Rc1 Qd8 24. Bc4 Bxh4 25. Nxh4 Rxh4 26. Rb1 Nf5 27. Bxh4 Qxh4 28. Qb3 Na5 29. Qb4 Nxc4 30. Qxb7+ Kd8 31. Qxa7 Ne7 32. Rb7 Bc8 33. Rb4 Nc6 34. Qg7 Re8 35. Rxc4 Re7 36. Qg6 Kc7 37. Re4 1-0

[Event "St Petersburg White Nights op"]
[Site "St Petersburg"]
[Date "2006.06.28"]
[Round "6"]
[White "Mukhin, Georgy"]
[Black "Utkin, Aleksey"]
[Result "0-1"]
[WhiteElo "2340"]
[BlackElo "2388"]
[PlyCount "85"]
[EventDate "2006.06.23"]
[EventType "swiss"]
[EventRounds "9"]
[EventCountry "RUS"]
[SourceTitle "CBM 112 Extra"]
[Source "ChessBase"]
[SourceDate "2006.07.14"]
[SourceVersion "1"]
[SourceVersionDate "2006.07.14"]
[SourceQuality "1"]

1. e4 g6 2. d4 Bg7 3. Nc3 d6 4. Be3 a6 5. a4 Nf6 6. Nf3 0-0 7. g3 Ng4 8. Bg5 h6 9. Bc1 c5 10. d5 Nd7 11. Bg2 Nde5 12. Nd2 f5 13. 0-0 f4 14. Nf3 g5 15. Nxe5 Nxe5 16. gxf4 gxf4 17. f3 Bd7 18. Kh1 Ng6 19. e5 Bxe5 20. Ne4 Bf5 21. c3 Kh8 22. Rg1 Rg8 23. Qe1 Qf8 24. Bf1 Qf7 25. Bc4 b5 26. axb5 axb5 27. Rxa8 Rxa8 28. Bxb5 Qxd5 29. Qe2 Nh4 30. Bc4 Qc6 31. Bd3 c4 32. Bc2 Qe8 33. Bd1 Qf7 34. Nf2 Rg8 35. Ng4 Bxg4 36. Rxg4 Rxg4 37. fxg4 Qd5+ 38. Kg1 f3 39. Qe1 f2+ 40. Kxf2 Qg2+ 41. Ke3 Qxh2 42. Qf1 Ng6 43. Qxc4 0-1

[Event "St Petersburg White Nights op"]
[Site "St Petersburg"]
[Date "2006.06.26"]
[Round "4"]
[White "Mukhin, Georgy"]
[Black "Sivokho, Sergey V"]
[Result "1/2-1/2"]
[WhiteElo "2340"]
[BlackElo "2469"]
[PlyCount "20"]
[EventDate "2006.06.23"]
[EventType "swiss"]
[EventRounds "9"]
[EventCountry "RUS"]
[SourceTitle "CBM 112 Extra"]
[Source "ChessBase"]
[SourceDate "2006.07.14"]
[SourceVersion "1"]
[SourceVersionDate "2006.07.14"]
[SourceQuality "1"]

1. e4 e6 2. d4 d5 3. exd5 exd5 4. Nf3 Bd6 5. c4 dxc4 6. Bxc4 Nf6 7. Qe2+ Qe7 8. Qxe7+ Bxe7 9. Bf4 c6 10. Nc3 Nbd7 1/2-1/2

[Event "Chigorin Memorial-B 10th"]
[Site "St Petersburg"]
[Date "2002.11.01"]
[Round "7"]
[White "Mukhin, Georgy"]
[Black "Golovchenko, Gleb"]
[Result "1/2-1/2"]
[WhiteElo "2375"]
[BlackElo "2269"]
[PlyCount "46"]
[EventDate "2002.10.25"]
[EventType "swiss"]
[EventRounds "9"]
[EventCountry "RUS"]
[SourceTitle "EXT 2003"]
[Source "ChessBase"]
[SourceDate "2002.11.25"]
[SourceVersion "1"]
[SourceVersionDate "2002.11.25"]
[SourceQuality "1"]

1. d4 Nf6 2. c4 e6 3. Nc3 Bb4 4. e3 c5 5. Bd3 Nc6 6. Nge2 cxd4 7. exd4 d5 8. 0-0 0-0 9. Bg5 Be7 10. a3 b6 11. Rc1 Bb7 12. Be3 Rc8 13. cxd5 Nxd5 14. Nxd5 Qxd5 15. Nf4 Qd7 16. Qh5 g6 17. Qh6 Bf6 18. Nh5 Bh8 19. Rcd1 Ne7 20. Rfe1 Qd5 21. Nf4 Qd6 22. Nh5 Qd5 23. Nf4 Qd6 1/2-1/2

[Event "Petrov Memorial op"]
[Site "St Petersburg"]
[Date "2002.02.13"]
[Round "2"]
[White "Shaposhnikov, Evgeny"]
[Black "Mukhin, Georgy"]
[Result "1-0"]
[WhiteElo "2523"]
[BlackElo "2373"]
[PlyCount "117"]
[EventDate "2002.02.12"]
[EventType "swiss"]
[EventRounds "9"]
[EventCountry "RUS"]
[SourceTitle "CBM 086 Extra"]
[Source "ChessBase"]
[SourceDate "2002.03.14"]
[SourceVersion "1"]
[SourceVersionDate "2002.03.14"]
[SourceQuality "1"]

1. e4 c5 2. Nf3 Nc6 3. Bb5 e6 4. Bxc6 bxc6 5. b3 Ne7 6. Ba3 Ng6 7. d4 Qa5+ 8. Qd2 Qxd2+ 9. Nbxd2 cxd4 10. Bxf8 Rxf8 11. Nxd4 Ba6 12. c4 Rb8 13. 0-0 c5 14. Ne2 Bb7 15. Nc3 Ke7 16. f4 d6 17. g3 Rfd8 18. Nf3 h6 19. Rad1 Bc6 20. h4 Nf8 21. Rd3 Nd7 22. Rfd1 Nf6 23. e5 Ne8 24. Kf2 f6 25. Ke3 a6 26. g4 dxe5 27. fxe5 Rxd3+ 28. Rxd3 Bxf3 29. Kxf3 fxe5 30. Re3 Nf6 31. Rxe5 Rf8 32. Kg3 Nd7 33. Re1 h5 34. Nd5+ Kd6 35. Nf4 e5 36. Rd1+ Kc6 37. Nxh5 g6 38. Ng7 e4 39. h5 Rf3+ 40. Kg2 gxh5 41. gxh5 Nf6 42. Rf1 Rxf1 43. Kxf1 Kd6 44. Ke2 Ke5 45. h6 a5 46. Kd2 Nh7 47. Nh5 Kd4 48. Nf4 Ke5 49. Ke3 Kf5 50. Ne2 Nf6 51. h7 Nxh7 52. Ng3+ Ke5 53. Nxe4 Nf8 54. Nxc5 Ng6 55. Nb7 a4 56. Nc5 axb3 57. axb3 Ne7 58. Nd3+ Kd6 59. Kd4 1-0

[Event "Chigorin Memorial 09th"]
[Site "St Petersburg"]
[Date "2001.10.31"]
[Round "6"]
[White "Zangiev, Pavel"]
[Black "Mukhin, Georgy"]
[Result "1-0"]
[WhiteElo "2290"]
[BlackElo "2381"]
[PlyCount "83"]
[EventDate "2001.10.26"]
[EventType "swiss"]
[EventRounds "9"]
[EventCountry "RUS"]
[SourceTitle "EXT 2002"]
[Source "ChessBase"]
[SourceDate "2001.11.25"]
[SourceVersion "1"]
[SourceVersionDate "2001.11.25"]
[SourceQuality "1"]

1. Nf3 Nf6 2. c4 e6 3. g3 d5 4. Bg2 Be7 5. 0-0 0-0 6. b3 Nbd7 7. Bb2 b6 8. Nc3 Bb7 9. Rc1 c5 10. cxd5 exd5 11. d4 Re8 12. Qc2 Rc8 13. Rfd1 Bf8 14. Qb1 a6 15. e3 c4 16. Ne5 cxb3 17. axb3 Bd6 18. Bh3 Rb8 19. f4 Nf8 20. Qd3 b5 21. Rc2 Qb6 22. Rdc1 Ne6 23. Bg2 Rbd8 24. Nd1 Rc8 25. Nf2 Rxc2 26. Rxc2 a5 27. g4 a4 28. g5 axb3 29. Qxb3 Bxe5 30. fxe5 Ne4 31. Nxe4 dxe4 32. h4 Rd8 33. Qb4 Bd5 34. Bf1 Rb8 35. Ba3 h6 36. gxh6 Kh7 37. hxg7 Rg8 38. Qd6 Rxg7+ 39. Kf2 Qb7 40. Bh3 Bc4 41. Bf5+ Kh6 42. Qe7 1-0

[Event "Chigorin Memorial 09th"]
[Site "St Petersburg"]
[Date "2001.10.27"]
[Round "2"]
[White "Zakhartsov, Viacheslav V"]
[Black "Mukhin, Georgy"]
[Result "1-0"]
[WhiteElo "2527"]
[BlackElo "2381"]
[PlyCount "93"]
[EventDate "2001.10.26"]
[EventType "swiss"]
[EventRounds "9"]
[EventCountry "RUS"]
[SourceTitle "EXT 2002"]
[Source "ChessBase"]
[SourceDate "2001.11.25"]
[SourceVersion "1"]
[SourceVersionDate "2001.11.25"]
[SourceQuality "1"]

1. Nf3 Nf6 2. c4 c5 3. Nc3 e6 4. g3 d5 5. cxd5 Nxd5 6. Bg2 Nc6 7. 0-0 Be7 8. d4 0-0 9. Nxd5 exd5 10. dxc5 Bxc5 11. Bg5 f6 12. Bd2 Be6 13. e3 Ne5 14. Bc3 Qd6 15. Qa4 Rfd8 16. Rfd1 Nxf3+ 17. Bxf3 Qc6 18. Qxc6 bxc6 19. Rac1 Bb6 20. Bd4 Rac8 21. Bc5 Kf7 22. Rd3 Bxc5 23. Rxc5 Ke7 24. Rdc3 Kd6 25. b4 f5 26. h4 Rc7 27. a3 Rb8 28. Be2 g6 29. f4 Bd7 30. Kf2 Be8 31. Ke1 h6 32. Kd2 Re7 33. Bf3 Rb6 34. Ra5 Rg7 35. Rc1 Rbb7 36. Kd3 Rge7 37. Kd4 Rec7 38. Rac5 Re7 39. R1c3 Rb6 40. Ra5 Bf7 41. Rcc5 Be8 42. Ra4 Rbb7 43. Ra6 Rb6 44. Rca5 Rxa6 45. Rxa6 Rb7 46. Bxd5 Rb6 47. Bc4 1-0

[Event "Chigorin Memorial 09th"]
[Site "St Petersburg"]
[Date "2001.10.03"]
[Round "9"]
[White "Mukhin, Georgy"]
[Black "Ignatiev, Alexander"]
[Result "1-0"]
[WhiteElo "2381"]
[BlackElo "2311"]
[PlyCount "45"]
[EventDate "2001.10.26"]
[EventType "swiss"]
[EventRounds "9"]
[EventCountry "RUS"]
[SourceTitle "EXT 2002"]
[Source "ChessBase"]
[SourceDate "2001.11.25"]
[SourceVersion "1"]
[SourceVersionDate "2001.11.25"]
[SourceQuality "1"]

1. d4 d5 2. Nf3 Nf6 3. c4 e6 4. Nc3 Be7 5. e3 0-0 6. a3 b6 7. Bd3 dxc4 8. Bxc4 Bb7 9. 0-0 Nbd7 10. Qe2 c5 11. Rd1 Qc7 12. b3 Rac8 13. Bb2 Qb8 14. Ne5 Qa8 15. Nxd7 Nxd7 16. d5 Ne5 17. e4 Bf6 18. Nb5 a6 19. Nd6 b5 20. Nxc8 Rxc8 21. f4 Nd7 22. dxe6 bxc4 23. exd7 1-0

[Event "Ozery op2 Seniors"]
[Site "Ozery"]
[Date "1997.??.??"]
[Round "7"]
[White "Terentiev, Vitaly G"]
[Black "Mukhin, Georgy"]
[Result "1-0"]
[WhiteElo "2395"]
[BlackElo "2370"]
[PlyCount "75"]
[EventDate "1997.??.??"]
[EventType "swiss"]
[EventRounds "9"]
[EventCountry "RUS"]
[SourceTitle "EXT 2000"]
[Source "ChessBase"]
[SourceDate "1999.11.16"]
[SourceVersion "1"]
[SourceVersionDate "1999.11.16"]
[SourceQuality "1"]

1. d4 f5 2. Nf3 Nf6 3. g3 g6 4. b3 Bg7 5. Bb2 0-0 6. Bg2 a5 7. a3 b5 8. Ne5 Ra6 9. Nd2 d6 10. Nd3 Nbd7 11. 0-0 c5 12. e3 Re8 13. a4 bxa4 14. Rxa4 cxd4 15. exd4 Nb6 16. Ra1 a4 17. Nb4 a3 18. Bxa3 Ng4 19. Nxa6 Bxa6 20. Nc4 d5 21. Bc5 Bxc4 22. bxc4 Nxc4 23. Ra7 Nf6 24. c3 Ne4 25. Bxe4 fxe4 26. Qg4 e6 27. Rb1 e3 28. Rbb7 exf2+ 29. Kxf2 Qf6+ 30. Qf3 Qxf3+ 31. Kxf3 Bf6 32. Rxh7 Nd2+ 33. Kg4 Ne4 34. Bb4 e5 35. dxe5 Rxe5 36. Rhc7 Re8 37. Ra6 Kh8 38. Rd7 1-0

[Event "Leningrad it"]
[Site "Leningrad"]
[Date "1990.??.??"]
[Round "?"]
[White "Emms, John M"]
[Black "Mukhin, Georgy"]
[Result "1-0"]
[WhiteElo "2430"]
[BlackElo "2425"]
[PlyCount "109"]
[EventDate "1990.??.??"]
[EventType "tourn"]
[EventRounds "13"]
[EventCountry "URS"]
[EventCategory "6"]
[SourceTitle "EXT 1997"]
[Source "ChessBase"]
[SourceDate "1996.11.15"]
[SourceVersion "1"]
[SourceVersionDate "1996.11.15"]
[SourceQuality "1"]

1. e4 e5 2. Nf3 Nc6 3. Bb5 Nf6 4. 0-0 Nxe4 5. d4 Be7 6. Qe2 Nd6 7. Bxc6 bxc6 8. dxe5 Nf5 9. Nc3 0-0 10. Rd1 d5 11. b3 Re8 12. Bb2 Bf8 13. Qd3 Nh4 14. Nxh4 Qxh4 15. Re1 Re6 16. Qg3 Qd8 17. Ne2 Rg6 18. Qe3 c5 19. Nf4 Rh6 20. Rad1 c6 21. Qg3 Qa5 22. a4 Bf5 23. Re2 Re8 24. Bc1 Qa6 25. Rde1 Qc8 26. h4 Kh8 27. Bb2 Bg4 28. f3 Be6 29. Nxe6 fxe6 30. Bc1 Rg6 31. Qh3 h5 32. Bg5 Be7 33. f4 Qd7 34. Qf3 Rxg5 35. hxg5 g6 36. g4 Rf8 37. Qg3 c4 38. gxh5 Bc5+ 39. Kh1 Qf7 40. hxg6 Qxg6 41. Rh2+ Kg7 42. bxc4 Rh8 43. cxd5 cxd5 44. Rxh8 Kxh8 45. Re2 Kg8 46. Qd3 Qf7 47. Rh2 Bf8 48. Qh3 Bg7 49. Qh7+ Kf8 50. Rf2 Ke8 51. f5 exf5 52. Qxf5 Qh5+ 53. Kg2 Ke7 54. g6 Qd1 55. Qf7+ 1-0

[Event "Leningrad op"]
[Site "Leningrad"]
[Date "1990.??.??"]
[Round "?"]
[White "Gagloshvili, Raissa"]
[Black "Mukhin, Georgy"]
[Result "0-1"]
[WhiteElo "2085"]
[BlackElo "2425"]
[PlyCount "80"]
[EventDate "1990.??.??"]
[EventType "swiss"]
[EventRounds "11"]
[EventCountry "URS"]
[SourceTitle "CBM 018 Extra"]
[Source "ChessBase"]
[SourceDate "1990.11.01"]
[SourceVersion "1"]
[SourceVersionDate "1990.11.01"]
[SourceQuality "1"]

1. d4 Nf6 2. c4 Nc6 3. Nf3 e6 4. Nc3 Bb4 5. Bf4 0-0 6. Qc2 d6 7. e3 Qe7 8. Bg5 e5 9. 0-0-0 Bxc3 10. Qxc3 Re8 11. Qc2 Nb4 12. Qb3 a5 13. a3 Nc6 14. h3 a4 15. Qc2 Ra5 16. Bh4 e4 17. Nd2 g5 18. Bg3 Bf5 19. Nb1 Bg6 20. Nc3 Qd7 21. Be2 Ne7 22. h4 h6 23. hxg5 hxg5 24. Rh3 Nf5 25. Rdh1 Kg7 26. Qd1 c6 27. Bg4 Qe7 28. Bxf5 Bxf5 29. Rh6 Bg6 30. Qc2 Ng4 31. R6h3 b5 32. Qd1 Bf5 33. c5 dxc5 34. dxc5 Qxc5 35. Bd6 Qc4 36. Rh7+ Kf6 37. R1h6+ Nxh6 38. Rxh6+ Bg6 39. f4 exf3 40. Qxf3+ Kg7 0-1

[Event "Leningrad op"]
[Site "Leningrad"]
[Date "1990.??.??"]
[Round "?"]
[White "Mukhin, Georgy"]
[Black "Katishonok, Nikolaj"]
[Result "1/2-1/2"]
[WhiteElo "2425"]
[BlackElo "2225"]
[PlyCount "72"]
[EventDate "1990.??.??"]
[EventType "swiss"]
[EventRounds "11"]
[EventCountry "URS"]
[SourceTitle "CBM 018 Extra"]
[Source "ChessBase"]
[SourceDate "1990.11.01"]
[SourceVersion "1"]
[SourceVersionDate "1990.11.01"]
[SourceQuality "1"]

1. Nf3 Nf6 2. c4 c6 3. b3 d5 4. Bb2 g6 5. g3 Bg7 6. Bg2 0-0 7. 0-0 Nbd7 8. d3 Re8 9. Nc3 e5 10. cxd5 Nxd5 11. Nxd5 cxd5 12. e4 b5 13. Re1 Bb7 14. Rc1 Rc8 15. Rxc8 Qxc8 16. Qd2 Qc7 17. Rc1 Qd6 18. Qa5 dxe4 19. dxe4 Qb6 20. Qxb6 Nxb6 21. Rc7 Bxe4 22. Ng5 Bxg2 23. Kxg2 f6 24. Ne4 Ra8 25. Nd6 b4 26. a4 Rd8 27. Ne4 Rd7 28. Rc6 Nd5 29. a5 Kf7 30. Nd6+ Ke7 31. Nc4 Rc7 32. Ra6 Nc3 33. Bc1 Nb5 34. Bd2 Nc3 35. Be3 Nb5 36. Bd2 Nc3 1/2-1/2